Дело о выкупе земельных наделов временнообязанными крестьянами А.А. Успенской сельца Белозеровки Малоархангельского уезда Орловс...

Доступно только в Электронных читальных залах Найти на картеНа карте
RUSMARC
00004101nmc2a2200000 x 450
001d8746e92-c7d0-4ada-b3db-7baf33749527
00520170920183512.0
100##$a20140401l18631863k l0rusy0189 ca
1010#$arus
102##$aRU
2001#$aДело о выкупе земельных наделов временнообязанными крестьянами А.А. Успенской сельца Белозеровки Малоархангельского уезда Орловской губернии
$j30 апреля - 22 ноября 1863 г.
251##$cДело
300##$aДело
300##$aОриг. заголовок дела: Дело Успенской А.А. Орловской губернии Малоархангельского уезда сельца Белозеровки. 30 апреля 1863 г. - 22 ноября 1863 г
801#0$aRU
$bРГИА
$c20140401
$gRCR
801#1$aRU
$bГлавНИВЦ
$c20140401
$2rusmarc
801#2$aRU
$bПБ им. Б.Н. Ельцина
$c20170920
$gRCR
$2rusmarc
850##$aРГИА
852##$aРГИА
$eФедеральное казенное учреждение "Российский государственный исторический архив" (РГИА)
$j2020
937##$hРГИА
$d11056971
$aASBIBLIO_SCAN
462#0$10012327ab3a-0548-404e-b4cb-e37355ac5039
$12001
$a1863-1889 гг.
$1251
$cОпись
$1852
$j26
461#0$10018ef30ad5-ff5c-4840-a721-74c62a200f95
$12001
$aГлавное выкупное учреждение Министерства финансов
$1251
$cФонд
$1852
$j577
215##$a34 л.
$d36,5х26 см
371##$aДокумент не является опубликованным и широко распространяемым
105##$ay###
1222#$ad
5171#$aДело Успенской А.А. Орловской губернии Малоархангельского уезда сельца Белозеровки. 30 апреля 1863 г. - 22 ноября 1863 г.
035##$ad8746e92-c7d0-4ada-b3db-7baf33749527
856##$uhttp://readingroom.main.prlib.ru/item.aspx?id_node=n105058149&mode=full
Формат отображения